000 01094nam a22002417i 4500
003 DO-SdBNP
005 20230615134404.0
007 ta
008 230601b2003 sp ||||| |||| 00| 0 spa d
040 _aDO-SdBNP
_bspa
_cBNPHU
_erda
082 4 _bS218n
_222
245 1 3 _aNormas sobre impuestos y promoción de la filantropía :
_bmódulo pedagógico /
_cCarlos Sandoval Peralta
264 4 _aSanto Domingo :
_bINTEC,
_c2003.
300 _a84 páginas ;
_c29 cm.
336 _2rdacontent
_atexto
_btxt
337 _2rdamedia
_asin mediación
_bn
338 _2rdacarrier
_avolumen
_bnc
490 _aColección sociedad civil. Serie capacitación ;
_x3
505 _aConceptos útiles en relación con la sociedad civil 6|Estructura y características de un sistema tributario 18|La normativa tributaria y el apoyo a la filantropía en República Dominicana y otros países de América Latina 32|Propuestas para modificar la normativa tributaria dominicana a fin de lograr un mayor apoyo a la cultura de la filantropía 50
590 _aInventariado, 2023/DG
910 _aDG
942 _2ddc
_cLBS1
999 _c53838
_d53838